• 首页
  • 本馆介绍
  • 公告通知
  • 最新文献
  • 馆藏检索
  • 电子资源
  • 读者荐购
  • 参考咨询
  • CALIS
  • 我的图书馆
  • 登录
  • 详细信息显示
  • 放入我的书架
  • 预约/预借图书
  • 作者相关作品
  • 分类相关作品
  • 丛书相关作品
  • 出版社相关作品

书目信息

  • 表格格式
  • 工作单格式
  • 卡片格式
题名:
工程测量
    
 
作者: 王金玲 , 王玉才 主编
分册:  
出版信息: 武汉   武汉理工大学出版社  2021.05
页数: 212页
开本: 26cm
丛书名:
单 册:
中图分类: TB22
科图分类:
主题词: 工程测量--gong cheng ce liang--高等职业教育--教材
电子资源:
ISBN: 978-7-5629-6415-5
 
 
 
 
 
000 01403nam0 2200241 450
001 011025153103
005 20221025153103.0
010    @a978-7-5629-6415-5@dCNY48.00
100    @a20201004d2021 em y0chiy0120 ea
101 0  @achi
102    @aCN@b420000
105    @aa z 000yy
106    @ar
200 1  @a工程测量@Agong cheng ce liang@f王金玲, 王玉才主编
210    @a武汉@c武汉理工大学出版社@d2021.05
215    @a212页@c图@d26cm@e1实训指导与记录 (27页)@e1习题及实习纲要 (18页)
300    @a高职高专土建类专业技能型“十三五”规划教材高职高专土建类专业技能型“互联网+”创新型教材可供相关专业工程技术人员和社会从业者学习使用
330    @a本书分五个部分,共15章,其中:第一部分(第1-5章)为测量基本理论和基本仪器,主要介绍水准仪、经纬仪和全站仪等测量仪器的构造、使用和检校,以及测量误差的基本知识;第二部分(第6-7章)为控制测量,主要介绍了小区域控制测量的基本知识、基本理论和基本方法;第三部分(第8-10章)为地形测量,主要介绍了大比例尺地形测量、地籍测量和地形图应用的基本知识和基本理论;第四部分(第11-14章)为施工测量,主要介绍了施工测量的基本工作、建筑工程施工测量、道路和桥梁工程测量和管道工程测量;第五部分(第15章)为测量系技术,主要介绍了GPS全球卫星定位系统的基本理论和基本应用。
606 0  @a工程测量@Agong cheng ce liang@x高等职业教育@j教材
690    @aTB22@v5
701  0 @a王金玲@Awang jin ling@4主编
701  0 @a王玉才@Awang yu cai@4主编
905    @a河南城建学院图书馆@dTB22@eW2331
    
    工程测量/王金玲, 王玉才主编.-武汉:武汉理工大学出版社,2021.05
    212页:图;26cm+1实训指导与记录 (27页)+1习题及实习纲要 (18页)
    高职高专土建类专业技能型“十三五”规划教材高职高专土建类专业技能型“互联网+”创新型教材可供相关专业工程技术人员和社会从业者学习使用
    
    ISBN 978-7-5629-6415-5:CNY48.00
    本书分五个部分,共15章,其中:第一部分(第1-5章)为测量基本理论和基本仪器,主要介绍水准仪、经纬仪和全站仪等测量仪器的构造、使用和检校,以及测量误差的基本知识;第二部分(第6-7章)为控制测量,主要介绍了小区域控制测量的基本知识、基本理论和基本方法;第三部分(第8-10章)为地形测量,主要介绍了大比例尺地形测量、地籍测量和地形图应用的基本知识和基本理论;第四部分(第11-14章)为施工测量,主要介绍了施工测量的基本工作、建筑工程施工测量、道路和桥梁工程测量和管道工程测量;第五部分(第15章)为测量系技术,主要介绍了GPS全球卫星定位系统的基本理论和基本应用。
●
相关链接 在E读中查询图书 在当当中查询图书 在豆瓣中查询图书


正题名:工程测量     索取号:TB22/W2331         预约/预借

序号 登录号 条形码 馆藏地/架位号 状态 备注
1 1586674   215866748   自科库501/501自科库 5排3列2层/ [索取号:TB22/W2331] 在馆    
2 1586675   215866757   自科库501/501自科库 5排3列2层/ [索取号:TB22/W2331] 在馆    
河南城建学院图书馆 欢迎您!
大连网信软件有限公司© 版权所有